[Event "Titled Tuesday intern op 2nd Oct"]
[Site "Chess.com INT"]
[Date "2018.10.02"]
[Round "10"]
[White "Morefield, Jason P"]
[Black "Sychev, Vadim"]
[Result "0-1"]
[WhiteElo "2153"]
[BlackElo "2536"]
[PlyCount "72"]
[EventDate "2018.10.02"]
[EventType "swiss (blitz)"]
[EventRounds "10"]
[EventCountry "USA"]
[SourceTitle "EXT 2021"]
[Source "ChessBase"]
[SourceDate "2020.10.23"]
[SourceVersion "1"]
[SourceVersionDate "2020.10.23"]
[SourceQuality "1"]

1. e4 c5 2. Nf3 d6 3. d4 cxd4 4. Nxd4 Nf6 5. Nc3 a6 6. Bc4 e6 7. Bb3 b5 8. f4 Be7 9. f5 e5 10. Nde2 Bb7 11. Ng3 Nbd7 12. Bg5 Rc8 13. 0-0 0-0 14. Bxf6 Nxf6 15. Nd5 Bxd5 16. Bxd5 Nxd5 17. exd5 Bg5 18. Ne4 Be3+ 19. Kh1 f6 20. Qd3 Bb6 21. c3 Rf7 22. a4 Qd7 23. axb5 axb5 24. Ra6 Rb8 25. Rfa1 Qxf5 26. Qxb5 Qxe4 27. Rxb6 Rxb6 28. Qxb6 Qxd5 29. b4 h6 30. h3 f5 31. b5 f4 32. Qd8+ Rf8 33. Qd7 f3 34. b6 fxg2+ 35. Kh2 Rf1 36. Qc8+ Kh7 0-1

[Event "Titled Tuesday intern op 2nd Oct"]
[Site "Chess.com INT"]
[Date "2018.10.02"]
[Round "5"]
[White "Sychev, Vadim"]
[Black "Bouget, Alexandre"]
[Result "1-0"]
[WhiteElo "2535"]
[BlackElo "2268"]
[PlyCount "75"]
[EventDate "2018.10.02"]
[EventType "swiss (blitz)"]
[EventRounds "10"]
[EventCountry "USA"]
[SourceTitle "EXT 2021"]
[Source "ChessBase"]
[SourceDate "2020.10.23"]
[SourceVersion "1"]
[SourceVersionDate "2020.10.23"]
[SourceQuality "1"]

1. c4 e5 2. g3 Nc6 3. Bg2 Bc5 4. Nc3 d6 5. Nf3 a6 6. 0-0 h5 7. h4 Bg4 8. d3 Qd7 9. a3 Nge7 10. b4 Ba7 11. Bd2 f6 12. Ne4 Bh3 13. Kh2 Bxg2 14. Kxg2 d5 15. cxd5 Nxd5 16. Nc5 Bxc5 17. bxc5 Nd4 18. Nxd4 exd4 19. Qb3 Qc6 20. Kg1 g5 21. Rab1 Rb8 22. Qc4 gxh4 23. Qxd4 hxg3 24. fxg3 Rg8 25. Rf3 Qe6 26. e4 Ne7 27. Bf4 h4 28. Qf2 Qh3 29. Bxc7 Rc8 30. Bd6 Nc6 31. Rxb7 hxg3 32. Rxg3 Rxg3+ 33. Qxg3 Qxg3+ 34. Bxg3 Nd4 35. Bd6 Nf3+ 36. Kf2 Nd2 37. Ke2 Nxe4 38. dxe4 1-0

[Event "Titled Tuesday intern op 2nd Oct"]
[Site "Chess.com INT"]
[Date "2018.10.02"]
[Round "9"]
[White "Sychev, Vadim"]
[Black "Mostbauer, Florian"]
[Result "1-0"]
[WhiteElo "2531"]
[BlackElo "2342"]
[PlyCount "69"]
[EventDate "2018.10.02"]
[EventType "swiss (blitz)"]
[EventRounds "10"]
[EventCountry "USA"]
[SourceTitle "EXT 2021"]
[Source "ChessBase"]
[SourceDate "2020.10.23"]
[SourceVersion "1"]
[SourceVersionDate "2020.10.23"]
[SourceQuality "1"]

1. c4 c6 2. Nf3 d5 3. g3 Nf6 4. Bg2 Bf5 5. cxd5 cxd5 6. Qb3 Nc6 7. Qxb7 Bd7 8. Qb3 e5 9. 0-0 Rb8 10. Qd1 Bd6 11. d3 0-0 12. Nc3 Qe7 13. Bg5 Be6 14. b3 h6 15. Bxf6 Qxf6 16. Nd2 e4 17. dxe4 Be5 18. exd5 Bxc3 19. Ne4 Qd4 20. Nxc3 Qxc3 21. dxe6 Nd4 22. exf7+ Kh8 23. e3 Nf5 24. Qd5 Qf6 25. Bh3 Ne7 26. Qe6 Qg5 27. f4 Qc5 28. Rfc1 Qa3 29. Rc7 Qb2 30. Qe5 Qd2 31. Rxe7 Qe2 32. Bf1 Qf3 33. Bg2 Qe2 34. Re8 Qb2 35. Qxb2 1-0